000 00681nam a2200277Ia 4500
005 20260320195726.0
008 008 262003s9999 xx 000 0 hin d
020 _a9788183618007
037 _aEBOOK
040 _aCRL
040 _bhin
040 _cCRL
041 _2hin
041 _ahin
084 _qCRL
100 _aमलोय जैन
_91132935
245 0 _aढाक के तीन पात
250 _a1st
260 _bRajkamal
260 _c2016
300 _a200
856 _uhttps://ebook.indiaread.in/pdfs/267_dhaak_ke_teen_paat_by_maloy_jain_14-02-2015_final.pdf
942 _cEBOOK
999 _c1716148
_d1716148